[Event "Asia-ch U20 Girls"]
[Site "Chennai"]
[Date "2008.12.11"]
[Round "6"]
[White "Gagare, Shalmali"]
[Black "Sivasankari, P."]
[Result "1/2-1/2"]
[WhiteElo "2110"]
[BlackElo "2089"]
[PlyCount "106"]
[EventDate "2008.12.05"]
[EventType "swiss"]
[EventRounds "9"]
[EventCountry "IND"]
[SourceTitle "CBM 127 Extra"]
[Source "ChessBase"]
[SourceDate "2009.01.08"]
[SourceVersion "2"]
[SourceVersionDate "2009.01.28"]
[SourceQuality "1"]

1. c4 g6 2. Nf3 Bg7 3. g3 c5 4. Nc3 Nc6 5. Bg2 e5 6. 0-0 Nge7 7. d3 0-0 8. a3 d6 9. Rb1 f5 10. Bg5 h6 11. Bxe7 Nxe7 12. Qc2 Rb8 13. b4 Be6 14. Nd2 Qd7 15. bxc5 dxc5 16. Rb5 Rfd8 17. Rd1 b6 18. a4 Nc6 19. Bxc6 Qxc6 20. Rdb1 Qd6 21. R5b2 a6 22. Nf1 e4 23. dxe4 Bxc4 24. exf5 gxf5 25. Ne3 Be6 26. Rc1 f4 27. Nf5 Bxf5 28. Qxf5 fxg3 29. hxg3 Qc6 30. Rbc2 Rd4 31. e3 Rd7 32. e4 Rf8 33. Qg4 Rd4 34. Nd5 Qxd5 35. Qxg7+ Kxg7 36. exd5 Rxd5 37. a5 bxa5 38. Rxc5 Rd2 39. Rc7+ Kg8 40. Rf1 Rf6 41. Kg2 a4 42. Rc4 a3 43. Ra4 a2 44. Kh3 Rb2 45. f4 Rb1 46. Kg2 Rb2+ 47. Rf2 Rfb6 48. Rxa2 Rxf2+ 49. Kxf2 Kf7 50. Kf3 Kg6 51. Kg4 Rc6 52. Ra5 Rb6 53. Kh4 Rf6 1/2-1/2

[Event "Asia-ch U18 Girls"]
[Site "Tashkent"]
[Date "2007.07.02"]
[Round "5"]
[White "Preethi, Rajkumar"]
[Black "Sivasankari, P."]
[Result "1-0"]
[WhiteElo "2115"]
[BlackElo "2069"]
[PlyCount "69"]
[EventDate "2007.06.28"]
[EventType "swiss"]
[EventRounds "9"]
[EventCountry "UZB"]
[SourceTitle "CBM 119 Extra"]
[Source "ChessBase"]
[SourceDate "2007.09.04"]
[SourceVersion "1"]
[SourceVersionDate "2007.09.04"]
[SourceQuality "1"]

1. e4 c5 2. Nf3 e6 3. d4 cxd4 4. Nxd4 a6 5. Nc3 Qc7 6. Bd3 Nf6 7. 0-0 b5 8. Be3 Bb7 9. a3 d5 10. exd5 Nxd5 11. Nxd5 Bxd5 12. Re1 Be7 13. Qg4 Qe5 14. Nf3 h5 15. Qh3 Qc7 16. Bd4 Qb7 17. Qg3 Bf8 18. Ng5 Rh6 19. Nh7 h4 20. Qg4 Nd7 21. Nxf8 Nxf8 22. Bxg7 Rg6 23. Bxg6 Nxg6 24. Bf6 Rc8 25. Rad1 Rc4 26. Rd4 Rc8 27. c3 Rc4 28. f4 Rxd4 29. cxd4 Be4 30. f5 exf5 31. Qxf5 Qc6 32. Rxe4+ Kf8 33. Re1 Qc4 34. Qg5 Kg8 35. Qh6 1-0

[Event "Asia-ch U18 Girls"]
[Site "Bishkek"]
[Date "2006.??.??"]
[Round "4"]
[White "Dauletova, Gulmira"]
[Black "Sivasankari, P."]
[Result "1/2-1/2"]
[WhiteElo "2151"]
[BlackElo "2068"]
[PlyCount "47"]
[EventDate "2006.09.02"]
[EventType "swiss"]
[EventRounds "9"]
[EventCountry "KGZ"]
[SourceTitle "EXT 2007"]
[Source "ChessBase"]
[SourceDate "2006.11.23"]
[SourceVersion "1"]
[SourceVersionDate "2006.11.23"]
[SourceQuality "1"]

1. e4 c5 2. Nf3 e6 3. d4 cxd4 4. Nxd4 a6 5. Bd3 Qc7 6. 0-0 Nf6 7. Qe2 d6 8. c4 Nc6 9. Be3 Ne5 10. Nf3 Nxd3 11. Qxd3 Be7 12. Nc3 0-0 13. Rad1 b6 14. Bf4 Rd8 15. e5 dxe5 16. Bxe5 Qd7 17. Qe3 Qc6 18. Nd4 Qb7 19. Qg5 Ne8 20. Qh5 f6 21. Bg3 g6 22. Qe2 e5 23. Nc2 Be6 24. Ne3 1/2-1/2

[Event "IND-ch (Women) 31st"]
[Site "Bangalore"]
[Date "2005.05.06"]
[Round "13"]
[White "Raghavi, Nagarajan"]
[Black "Sivasankari, P."]
[Result "1/2-1/2"]
[WhiteElo "2130"]
[BlackElo "2080"]
[PlyCount "43"]
[EventDate "2005.04.24"]
[EventType "tourn"]
[EventRounds "13"]
[EventCountry "IND"]
[SourceTitle "EXT 2010"]
[Source "ChessBase"]
[SourceDate "2010.11.25"]
[SourceVersion "1"]
[SourceVersionDate "2010.11.25"]
[SourceQuality "1"]

1. e4 c5 2. Nf3 e6 3. d3 Nc6 4. g3 g6 5. Bg2 Bg7 6. c3 d5 7. Nbd2 Nge7 8. 0-0 0-0 9. Re1 Qc7 10. Nf1 b6 11. Qc2 Bb7 12. h3 Rad8 13. N1h2 dxe4 14. dxe4 Ba6 15. Ng4 Bd3 16. Qa4 e5 17. Nh6+ Kh8 18. Bf1 Bxf1 19. Kxf1 Ng8 20. Nxg8 Kxg8 21. Be3 h6 22. Nh4 1/2-1/2

[Event "IND-ch (Women) 31st"]
[Site "Bangalore"]
[Date "2005.04.30"]
[Round "7"]
[White "Sivasankari, P."]
[Black "Thipsay, Bagyashree Sathe"]
[Result "0-1"]
[WhiteElo "2080"]
[BlackElo "2243"]
[PlyCount "98"]
[EventDate "2005.04.24"]
[EventType "tourn"]
[EventRounds "13"]
[EventCountry "IND"]
[SourceTitle "EXT 2010"]
[Source "ChessBase"]
[SourceDate "2010.11.25"]
[SourceVersion "1"]
[SourceVersionDate "2010.11.25"]
[SourceQuality "1"]

1. d4 e6 2. c4 f5 3. Nf3 Nf6 4. g3 d5 5. Bg2 c6 6. 0-0 Bd6 7. b3 Qe7 8. Bb2 0-0 9. Qc2 Ne4 10. Nbd2 b6 11. Ne5 Bb7 12. e3 Nd7 13. Rac1 Rac8 14. f3 Nef6 15. Nxd7 Nxd7 16. f4 Nf6 17. Nf3 Ne4 18. Ne5 c5 19. Qe2 cxd4 20. Bxd4 Bc5 21. Bxc5 bxc5 22. cxd5 exd5 23. Rfd1 Rfd8 24. Qb2 Qf6 25. Qa3 Qb6 26. Bf1 h6 27. Be2 g6 28. Rc2 Kh7 29. Bf1 Rc7 30. Qc1 Rdc8 31. Bd3 d4 32. exd4 cxd4 33. Nc4 Qf6 34. Bf1 Nc3 35. Re1 Be4 36. Rd2 d3 37. Rb2 Rd8 38. Qd2 Nd5 39. Bg2 Nc3 40. Bf1 Re7 41. Ne5 Qb6+ 42. Re3 Nd5 43. Nc4 Qd4 44. Kf2 g5 45. a4 Rg8 46. Ke1 gxf4 47. gxf4 Nxe3 48. Nxe3 Bg2 49. Bxg2 Rxe3+ 0-1

[Event "IND-ch (Women) 31st"]
[Site "Bangalore"]
[Date "2005.04.28"]
[Round "5"]
[White "Sivasankari, P."]
[Black "Gokhale, Anupama"]
[Result "0-1"]
[WhiteElo "2080"]
[BlackElo "2196"]
[PlyCount "82"]
[EventDate "2005.04.24"]
[EventType "tourn"]
[EventRounds "13"]
[EventCountry "IND"]
[SourceTitle "EXT 2010"]
[Source "ChessBase"]
[SourceDate "2010.11.25"]
[SourceVersion "1"]
[SourceVersionDate "2010.11.25"]
[SourceQuality "1"]

1. d4 d6 2. c4 Nd7 3. Nf3 e5 4. e4 g6 5. Nc3 Bg7 6. Be2 exd4 7. Nxd4 c6 8. 0-0 Ngf6 9. Be3 0-0 10. f4 Re8 11. Bf3 Nc5 12. Qc2 Ncxe4 13. Nxe4 Nxe4 14. Bxe4 d5 15. cxd5 cxd5 16. Bxg6 hxg6 17. Bf2 Re4 18. Rad1 Bg4 19. Rd2 Rxf4 20. Qb3 Qa5 21. Rd3 Re8 22. Nf3 Bxf3 23. gxf3 d4 24. Qxb7 Qxa2 25. Qb5 Rd8 26. Ra3 Qd5 27. Qd3 a5 28. Bg3 Rf5 29. Bc7 Ra8 30. Bg3 Re8 31. Re1 Rxe1+ 32. Bxe1 Bh6 33. Kf2 Bg7 34. Rb3 Be5 35. Kg2 Rh5 36. Bg3 Bxg3 37. hxg3 Re5 38. Ra3 Re3 39. Qd1 d3 40. Qf1 Re2+ 41. Kg1 Qc5+ 0-1

[Event "IND-ch (Women) 31st"]
[Site "Bangalore"]
[Date "2005.04.24"]
[Round "1"]
[White "Sivasankari, P."]
[Black "Nadig, Kruttika"]
[Result "0-1"]
[WhiteElo "2080"]
[BlackElo "2241"]
[PlyCount "90"]
[EventDate "2005.04.24"]
[EventType "tourn"]
[EventRounds "13"]
[EventCountry "IND"]
[SourceTitle "EXT 2010"]
[Source "ChessBase"]
[SourceDate "2010.11.25"]
[SourceVersion "1"]
[SourceVersionDate "2010.11.25"]
[SourceQuality "1"]

1. d4 Nf6 2. c4 g6 3. Nc3 d5 4. cxd5 Nxd5 5. e4 Nxc3 6. bxc3 Bg7 7. Nf3 c5 8. Bb5+ Nd7 9. 0-0 0-0 10. Qe2 a6 11. Bc4 Qc7 12. a4 cxd4 13. cxd4 Nb6 14. Bb3 Bg4 15. Be3 Qc3 16. Rab1 Qa5 17. h3 Bd7 18. Bd2 Qh5 19. Rfc1 Nxa4 20. Bxa4 Bxa4 21. Rc5 e5 22. Qf1 g5 23. Nxe5 Rac8 24. Qc4 Rxc5 25. Qxc5 Qe2 26. Be3 Qc2 27. Qxc2 Bxc2 28. Rxb7 Bxe4 29. Ra7 f6 30. Nc4 Ra8 31. Re7 Bc6 32. Nb6 Re8 33. Ra7 Bb5 34. d5 Rd8 35. Bc5 Bf8 36. Bd4 Rb8 37. Nd7 Bxd7 38. Rxd7 Ra8 39. Bxf6 a5 40. Bxg5 a4 41. Bf6 a3 42. Rc7 a2 43. Ba1 Rb8 44. Rc1 Rb1 45. Rf1 Bg7 0-1

[Event "Asia-ch U20 Girls"]
[Site "Bikaner"]
[Date "2004.12.25"]
[Round "6"]
[White "Kurbanova, Maya"]
[Black "Sivasankari, P."]
[Result "1-0"]
[WhiteElo "2094"]
[BlackElo "2112"]
[PlyCount "65"]
[EventDate "2004.12.22"]
[EventType "swiss"]
[EventRounds "11"]
[EventCountry "IND"]
[SourceTitle "CBM 104 Extra"]
[Source "ChessBase"]
[SourceDate "2005.03.01"]
[SourceVersion "1"]
[SourceVersionDate "2005.03.01"]
[SourceQuality "1"]

1. e4 c5 2. Nf3 e6 3. d4 cxd4 4. Nxd4 a6 5. a4 Nf6 6. Bd3 Qc7 7. Nc3 Nc6 8. Nde2 Be7 9. 0-0 0-0 10. Ng3 b6 11. Kh1 Bb7 12. f4 d6 13. Nh5 Nb4 14. Bd2 Qc5 15. Nxf6+ Bxf6 16. Rf3 Nxd3 17. cxd3 Bd4 18. Rh3 Bf2 19. Qe2 b5 20. Rf1 Bd4 21. f5 exf5 22. Rxf5 Qb6 23. Qh5 f6 24. Qxh7+ Kf7 25. Bh6 Rg8 26. Rg3 Ke7 27. Bxg7 Ke6 28. Rg6 Qc7 29. Rgxf6+ Bxf6 30. Rxf6+ Ke7 31. Bh8+ Kd8 32. Qxg8+ Kd7 33. Rf7+ 1-0

[Event "Wch U20 Girls 22nd"]
[Site "Cochin"]
[Date "2004.11.23"]
[Round "7"]
[White "Hodova, Lucie"]
[Black "Sivasankari, P."]
[Result "1/2-1/2"]
[WhiteElo "2118"]
[BlackElo "2112"]
[PlyCount "74"]
[EventDate "2004.11.20"]
[EventType "swiss"]
[EventRounds "13"]
[EventCountry "IND"]
[SourceTitle "CBM 103 Extra"]
[Source "ChessBase"]
[SourceDate "2005.01.01"]
[SourceVersion "1"]
[SourceVersionDate "2005.01.01"]
[SourceQuality "1"]

1. e4 c5 2. Nf3 e6 3. d4 cxd4 4. Nxd4 a6 5. Nc3 Qc7 6. g3 b5 7. a3 Bb7 8. Bg2 Nf6 9. 0-0 Nc6 10. Re1 d6 11. Nxc6 Bxc6 12. Bf4 e5 13. Bg5 Be7 14. f4 0-0 15. fxe5 dxe5 16. Bxf6 Bxf6 17. Nd5 Qd6 18. c3 Rad8 19. Qf3 Be7 20. Rad1 Bxd5 21. Rxd5 Qb6+ 22. Kh1 Bf6 23. Red1 h6 24. R1d3 Rc8 25. Bh3 Rc7 26. Rd6 Rc6 27. Rd7 Bg5 28. Qf5 Rf6 29. Qxe5 Qf2 30. Rd1 Qxb2 31. Bf5 Qf2 32. h4 Be3 33. Rd8 Bc5 34. Rxf8+ Bxf8 35. Rd8 Qf1+ 36. Kh2 Qf2+ 37. Kh3 Qf1+ 1/2-1/2

[Event "Wch U20 Girls 22nd"]
[Site "Cochin"]
[Date "2004.11.20"]
[Round "2"]
[White "Sivasankari, P."]
[Black "Brekke, Jorunn Marie"]
[Result "1-0"]
[WhiteElo "2112"]
[BlackElo "1988"]
[PlyCount "69"]
[EventDate "2004.11.20"]
[EventType "swiss"]
[EventRounds "13"]
[EventCountry "IND"]
[SourceTitle "CBM 103 Extra"]
[Source "ChessBase"]
[SourceDate "2005.01.01"]
[SourceVersion "1"]
[SourceVersionDate "2005.01.01"]
[SourceQuality "1"]

1. d4 Nf6 2. c4 g6 3. Nc3 d5 4. cxd5 Nxd5 5. e4 Nxc3 6. bxc3 Bg7 7. Nf3 c5 8. Bb5+ Bd7 9. Bxd7+ Nxd7 10. 0-0 0-0 11. Rb1 b6 12. Bf4 e5 13. Nxe5 Nxe5 14. Bxe5 Bxe5 15. dxe5 Qxd1 16. Rbxd1 Rfe8 17. f4 f6 18. Rd7 fxe5 19. fxe5 Rxe5 20. Rff7 Rxe4 21. Rg7+ Kh8 22. Rxh7+ Kg8 23. Rdg7+ Kf8 24. Rxg6 Rae8 25. h4 Re1+ 26. Kh2 Rf1 27. h5 Ree1 28. Rc6 Rh1+ 29. Kg3 Re3+ 30. Kg4 Kg8 31. Rxa7 Rf1 32. h6 Rf8 33. Rcc7 Rd8 34. Rg7+ Kf8 35. h7 1-0